<?xml version="1.0" encoding="UTF-8"?>
<record
    xmlns:xsi="http://www.w3.org/2001/XMLSchema-instance"
    xsi:schemaLocation="http://www.loc.gov/MARC21/slim http://www.loc.gov/standards/marcxml/schema/MARC21slim.xsd"
    xmlns="http://www.loc.gov/MARC21/slim">

  <leader>01644cam a2200397 a 4500</leader>
  <controlfield tag="003">CO-BoRNBP</controlfield>
  <controlfield tag="005">20241022103113.0</controlfield>
  <controlfield tag="007">ta</controlfield>
  <controlfield tag="008">000907s1999    sp a    re    00110 spa d</controlfield>
  <datafield tag="020" ind1=" " ind2=" ">
    <subfield code="a">8449414113</subfield>
  </datafield>
  <datafield tag="040" ind1=" " ind2=" ">
    <subfield code="a">la </subfield>
    <subfield code="c">la</subfield>
  </datafield>
  <datafield tag="041" ind1="0" ind2=" ">
    <subfield code="a">spa</subfield>
  </datafield>
  <datafield tag="082" ind1="0" ind2="4">
    <subfield code="a">R630.3 </subfield>
    <subfield code="b">E52a1 </subfield>
    <subfield code="2">19 ed.</subfield>
  </datafield>
  <datafield tag="245" ind1="0" ind2="0">
    <subfield code="a">Enciclopedia pr&#xE1;ctica de la agricultura y la ganader&#xED;a / </subfield>
    <subfield code="c">equipo de redacci&#xF3;n Carlos Buxad&#xE9; Carb&#xF3; ... [et al.] ; direcci&#xF3;n cient&#xED;fica y t&#xE9;cnica de la obra Jes&#xFA;s Fern&#xE1;ndez Gonz&#xE1;lez ; revisi&#xF3;n t&#xE9;cnica Aurora L&#xF3;pez L&#xF3;pez, Ana Mascu&#xF1;&#xE1;n Lletget ; ilustraci&#xF3;n Francisco Guti&#xE9;rrez.</subfield>
  </datafield>
  <datafield tag="250" ind1=" " ind2=" ">
    <subfield code="a">Editores Pilar Casado, Federico Romero.</subfield>
  </datafield>
  <datafield tag="300" ind1=" " ind2=" ">
    <subfield code="a">xvi, 1032 p. : </subfield>
    <subfield code="b">il. ; </subfield>
    <subfield code="c">27 cm.</subfield>
  </datafield>
  <datafield tag="336" ind1=" " ind2=" ">
    <subfield code="2">rdacontent</subfield>
    <subfield code="a">texto</subfield>
    <subfield code="b">txt</subfield>
  </datafield>
  <datafield tag="337" ind1=" " ind2=" ">
    <subfield code="2">rdamedia</subfield>
    <subfield code="a">sin mediaci&#xF3;n</subfield>
    <subfield code="b">n</subfield>
  </datafield>
  <datafield tag="338" ind1=" " ind2=" ">
    <subfield code="2">rdacarrier</subfield>
    <subfield code="a">volumen</subfield>
    <subfield code="b">nc</subfield>
  </datafield>
  <datafield tag="504" ind1=" " ind2=" ">
    <subfield code="a">Incluye bibliograf&#xED;a e &#xED;ndice.</subfield>
  </datafield>
  <datafield tag="650" ind1=" " ind2="7">
    <subfield code="a">Agricultura</subfield>
    <subfield code="v"> Enciclopedias.</subfield>
    <subfield code="2">BLAAUTO</subfield>
    <subfield code="9">43420</subfield>
  </datafield>
  <datafield tag="650" ind1=" " ind2="7">
    <subfield code="a">Ganader&#xED;a</subfield>
    <subfield code="v"> Enciclopedias.</subfield>
    <subfield code="2">BLAAUTO</subfield>
    <subfield code="9">43421</subfield>
  </datafield>
  <datafield tag="650" ind1=" " ind2="7">
    <subfield code="a">Cultivos</subfield>
    <subfield code="v"> Enciclopedias.</subfield>
    <subfield code="2">BLAAUTO</subfield>
    <subfield code="9">43422</subfield>
  </datafield>
  <datafield tag="650" ind1=" " ind2="7">
    <subfield code="a">Arboricultura</subfield>
    <subfield code="v"> Enciclopedias.</subfield>
    <subfield code="2">BLAAUTO</subfield>
    <subfield code="9">43423</subfield>
  </datafield>
  <datafield tag="650" ind1=" " ind2="7">
    <subfield code="a">Zootecnia</subfield>
    <subfield code="v"> Enciclopedias.</subfield>
    <subfield code="2">BLAAUTO</subfield>
    <subfield code="9">43424</subfield>
  </datafield>
  <datafield tag="700" ind1="1" ind2=" ">
    <subfield code="a">Buxad&#xE9; Carb&#xF3;, Carlos.</subfield>
    <subfield code="9">3923</subfield>
  </datafield>
  <datafield tag="700" ind1="1" ind2=" ">
    <subfield code="a">Fern&#xE1;ndez Gonz&#xE1;lez, Jes&#xFA;s, </subfield>
    <subfield code="d">1955-</subfield>
    <subfield code="9">43425</subfield>
  </datafield>
  <datafield tag="700" ind1="1" ind2=" ">
    <subfield code="a">Romero, Federico, </subfield>
    <subfield code="e">ed.</subfield>
    <subfield code="9">43426</subfield>
  </datafield>
  <datafield tag="700" ind1="1" ind2=" ">
    <subfield code="a">Casado, Pilar,</subfield>
    <subfield code="e">ed.</subfield>
    <subfield code="9">43427</subfield>
  </datafield>
  <datafield tag="700" ind1="1" ind2=" ">
    <subfield code="a">L&#xF3;pez L&#xF3;pez, Aurora.</subfield>
    <subfield code="9">43428</subfield>
  </datafield>
  <datafield tag="700" ind1="1" ind2=" ">
    <subfield code="a">Mascu&#xF1;&#xE1;n Lletget, Ana.</subfield>
    <subfield code="9">43429</subfield>
  </datafield>
  <datafield tag="700" ind1="1" ind2=" ">
    <subfield code="a">Guti&#xE9;rrez P&#xE9;rez, Francisco, </subfield>
    <subfield code="d">1958-, </subfield>
    <subfield code="e">il.</subfield>
    <subfield code="9">43430</subfield>
  </datafield>
  <datafield tag="830" ind1=" " ind2="0">
    <subfield code="a">Lista B&#xE1;sica-Bibliotecas P&#xFA;blicas 2.</subfield>
    <subfield code="9">42480</subfield>
  </datafield>
  <datafield tag="942" ind1=" " ind2=" ">
    <subfield code="2">ddc</subfield>
    <subfield code="c">REF</subfield>
  </datafield>
  <datafield tag="949" ind1=" " ind2=" ">
    <subfield code="a">n    </subfield>
    <subfield code="b">n</subfield>
  </datafield>
  <datafield tag="999" ind1=" " ind2=" ">
    <subfield code="c">38504</subfield>
    <subfield code="d">38504</subfield>
  </datafield>
  <datafield tag="952" ind1=" " ind2=" ">
    <subfield code="0">0</subfield>
    <subfield code="1">0</subfield>
    <subfield code="2">ddc</subfield>
    <subfield code="4">0</subfield>
    <subfield code="7">0</subfield>
    <subfield code="8">GEN</subfield>
    <subfield code="a">MEGUAMAL</subfield>
    <subfield code="b">MEGUAMAL</subfield>
    <subfield code="c">REF</subfield>
    <subfield code="d">2024-10-22</subfield>
    <subfield code="l">0</subfield>
    <subfield code="o">R 630.3 E52a1</subfield>
    <subfield code="p">GUA004357</subfield>
    <subfield code="r">2024-10-22 10:33:12</subfield>
    <subfield code="t">Ej.1</subfield>
    <subfield code="w">2024-10-22</subfield>
    <subfield code="y">REF</subfield>
  </datafield>
</record>
